| 000 | 02223nam a2200421 c 4500 | ||
|---|---|---|---|
| 003 | BLK | ||
| 005 | 20180420225020.0 | ||
| 008 | 180408b bul|||||r ||||||| ||bul|| | ||
| 010 | _aKNG00091729000 | ||
| 020 |
_a978-954-400-060-8 _bиздат.: Фабер |
||
| 040 | _aBLK | ||
| 041 |
_aBUL _cBUL |
||
| 080 |
_aОкръжни библиотеки. Областни библиотеки. Регионални библиотеки _b027.53 _x(497.213.1)(091) _z027.53(497.213.1)(091) |
||
| 700 | 1 |
_aНайденова, Дина Стоянова _eсъстав. _9302585 |
|
| 700 | 1 |
_aБлагоева, Галина _eсъстав. _9302586 |
|
| 700 | 1 |
_aАлександрова, Галина Благоева _e* _9302587 |
|
| 710 | 1 |
_aБиблиотека Гео Милев. Монтана _9302588 |
|
| 139 |
_aБиблиотека Гео Милев. Монтана _bБ 44 |
||
| 245 | 1 | 0 |
_aБиблиотека Гео Милев - Летопис 1883 - 2007 _cсъстав. Дина Стоянова Найденова; състав. Галина Благоева; * Галина Благоева Александрова. |
| 257 | _aBGR | ||
| 260 |
_аВ. Търново _bФабер _c2009 |
||
| 300 |
_a204 с., 8 л. _bсн. _c20 см |
||
| 380 | _a0 | ||
| 500 | _aПълното име на състав. Галина Благоева е Галина Благоева Александрова. - Съдържа и Дарители ; Списък на щатните специалисти и служители в библиотеката за периода 1926 г. до 2007 г. ; Издания на библиотеката. - Офс. изд. - Именен показалец. | ||
| 650 | 4 |
_aБиблиотеки, регионални - България _9286388 |
|
| 650 | 4 |
_aБиблиотеки, областни _9302589 |
|
| 650 | 4 |
_aМонтана - библиотечно дело _9302590 |
|
| 651 | 4 |
_aМонтана _9179237 |
|
| 651 | 4 |
_aБългария _9241624 |
|
| 653 | _aрегионални библиотеки | ||
| 653 | _aистория | ||
| 653 | _aлетописи | ||
| 852 | _aЦб 245501 | ||
| 856 | 4 |
_qpdf _u |
|
| 856 | 4 |
_qpdf _u |
|
| 942 |
_cKNG _n0 |
||
| 944 |
_aCR _c29.09.2009 _lф / _kЛюдмила_Стоянова |
||
| 944 |
_aED _c08.07.2013 _lф / _k |
||
| 999 |
_c87099 _d87099 |
||